02369nam a2200361 i 4500003000900000005001700009007000300026008004100029020001800070040003000088041000800118082002900126100005400155245008100209246008300290264008000373300004400453336002700497337003300524338002800557490002400585500007300609500003400682500007000716505085900786590002701645651006701672651005001739910004701789942001401836952014001850999001701990DO-SdBNP20260304100940.0ta111031s2015 dr a 001 0 spa d a9789945587074 aDO-SdBNPbspacBNPHUerda aspa 4a972.93054bA185 20152221 aAcosta Matos, Eliades,d1959-eautor9744794aut.10a1963 :bde la guerra mediática al golpe de estado /cEliades Acosta Matos.12a Mil novecientos sesenta y tres : bde la guerra mediática a golpe de estado 4aSanto Domingo, República Dominicana : bFundación Juan Bosch,c©2015. a655 páginas :bfacsímiles ;c23 cm. atextobtxt2rdacontent asin mediaciónbn2rdamedia avolumenbnc2rdacarrier0 aJuan Bosch vivev15 aIncluye referencias bibliográficas y notas al pie de las páginas aIncluye índice onomástico aIncluye datos biográficos del autor en la solapa de la cubierta aCapítulo I. Guerra fría y medios calientes 11 -- Capítulo II. ''[...] cuidado con alejarse demasiado'' 65 -- Capítulo III. Castigando con mano dura la insolencia 113 -- Capítulo IV. La utopía desde arriba 147 -- Capítulo V. Un diciembre decisivo y otros frentes ideológicos 211 -- Capítulo VI. El hombre de la calle y una agitada transición 257 -- Capítulo VII. Las alertas rojas 299 -- Capítulo VIII. ''¡Téngase miedo, Sr. Presidente!'' 339 -- Capítulo IX. La aplanadora y la cultivadora 383 -- Capítulo X. Medo a la coletilla fantasma 423 -- Capítulo XI. ''Una prensa libre, honesta y responsable...'' 465 -- Capítulo XII. Las revoluciones no son obra de Mickey Mouse 501 -- Capítulo XIII. ''[...] Los hombres de prensa libre dimos la batalla y la hemos ganado [...]'' 545 -- Anexos 595 -- Índice onomástico 645 aInventariado, 2023/ YL 4aRepública DominicanaxHistoriayGolpe de Estado, 1963934712 4aRepública DominicanaxHistoriay1963989117 aYLockward/Validado. Control de calidad MFF 2ddccLBS1 00102ddc51708PDaBNPHUbBNPHUcHDd2022-05-19eUri Rivasl0oBNPHU PD 972.93054 A185m 2015p2023-5400r2023-08-17w2023-08-17yLBS1 c54450d54450